[Event "11. Lichtenberger Sommer"]
[Site "Berlin"]
[Date "2012.08.21"]
[Round "4.79"]
[White "Pöltelt, Helmut"]
[Black "Knopf, Roland"]
[Result "0-1"]
[WhiteElo "1732"]
[BlackElo "1886"]
[PlyCount "168"]
[EventDate "2012.??.??"]
[WhiteTeam "SC Rochade e.V."]
[BlackTeam "SC Kreuzberg e.V."]

1. e4 d6 2. d4 Nf6 3. Nc3 g6 4. f4 Bg7 5. Nf3 O-O 6. Be2 c6 7. O-O b5 8. e5 Ne8
9. Ne4 f5 10. Nf2 Nc7 11. c4 bxc4 12. Bxc4+ d5 13. Be2 Ne6 14. Be3 Nd7 15. Rc1
Qb6 16. Nd3 Ba6 17. Qc2 Bxd3 18. Bxd3 Rac8 19. Qf2 c5 20. b3 Rc7 21. Rc2 cxd4
22. Nxd4 Nec5 23. Qd2 Rfc8 24. Rfc1 Nxd3 25. Rxc7 Rxc7 26. Rxc7 Qxc7 27. Qxd3
Qa5 28. Qd2 Qa6 29. Nxf5 e6 30. Nd4 Nc5 31. Qe2 Qa3 32. Qc2 Bf8 33. Bc1 Qb4 34.
Qd2 Qb6 35. Kf1 Ne4 36. Qd3 Bc5 37. Be3 a5 38. Nc2 Bxe3 39. Qxe3 Qc6 40. Nd4
Qa6+ 41. Ke1 Kf7 42. a4 Qb6 43. Ke2 Qc5 44. Kf3 Qe7 45. Nc6 Qc7 46. Qa7 Qxa7
47. Nxa7 Nd2+ 48. Ke2 Nxb3 49. Nc6 Ke8 50. Kd1 Kd7 51. Na7 Nc5 52. Kc2 Nxa4 53.
Nb5 Nc5 54. Nd4 a4 55. Kc3 a3 56. Kb4 a2 57. Nc2 Nd3+ 58. Kb3 a1=Q 59. Nxa1
Nxf4 60. g3 Nd3 61. Kc3 Nxe5 62. Nc2 Nf3 63. h4 Kd6 64. Kd3 Ne5+ 65. Kd4 Nc6+
66. Kd3 e5 67. Ne3 e4+ 68. Kd2 Ne5 69. Ng2 d4 70. Nf4 Nf3+ 71. Ke2 Ke5 72. h5
gxh5 73. Nxh5 Ng5 74. Nf4 Ne6 75. Nh3 h6 76. Nf2 Kf5 77. Nd1 Nc7 78. Nf2 d3+
79. Kd2 Nd5 80. Nh1 Kg4 81. Nf2+ Kf3 82. Nxd3 exd3 83. Kxd3 Kxg3 84. Ke4 Nf4
0-1

[Event "11. Lichtenberger Sommer"]
[Site "Berlin"]
[Date "2012.08.21"]
[Round "4.80"]
[White "Sauermann, Andreas"]
[Black "Hesselbarth, Karlheinz"]
[Result "1-0"]
[WhiteElo "1933"]
[BlackElo "1793"]
[PlyCount "55"]
[EventDate "2012.??.??"]
[WhiteTeam "Schachclub Nira Berlin"]
[BlackTeam "SC Zugzwang 95 e.V."]

1. e4 e5 2. Nf3 Nc6 3. Bb5 a6 4. Ba4 d6 5. O-O Bd7 6. c3 Nge7 7. d4 Ng6 8. dxe5
dxe5 9. Be3 Be7 10. Nbd2 h6 11. Re1 Bg5 12. Nxg5 hxg5 13. Bc5 Qf6 14. Qf3 Nf4
15. Rad1 g4 16. Qg3 Rh6 17. Nf1 O-O-O 18. Rd2 Rdh8 19. Red1 Rh3 20. gxh3 Rxh3
21. Qxf4 Qxf4 22. Rxd7 Qxe4 23. Bxc6 bxc6 24. Rxf7 Qc2 25. Rdd7 Rf3 26. Rxc7+
Kd8 27. Rfd7+ Ke8 28. Rxg7 1-0

[Event "11. Lichtenberger Sommer"]
[Site "Berlin"]
[Date "2012.08.21"]
[Round "4.81"]
[White "Grassi, Fabrizio"]
[Black "Lämmel, Claus-Peter"]
[Result "1/2-1/2"]
[WhiteElo "1933"]
[BlackElo "1580"]
[PlyCount "46"]
[EventDate "2012.??.??"]
[WhiteTeam "SV Berlin-Friedrichstadt"]
[BlackTeam "SV Cranzahl 1962"]

1. d4 Nf6 2. Bf4 e6 3. e3 b6 4. Nf3 Bb7 5. Bd3 Nc6 6. c3 Ne7 7. h3 Ng6 8. Bh2
d6 9. O-O Be7 10. Qe2 a6 11. Nbd2 O-O 12. Rfe1 Re8 13. e4 Qd7 14. a3 Bf8 15. e5
Nd5 16. Bxg6 hxg6 17. Ne4 b5 18. h4 f6 19. exf6 gxf6 20. a4 Bg7 21. axb5 axb5
22. Qc2 Rxa1 23. Rxa1 Ra8 1/2-1/2

[Event "11. Lichtenberger Sommer"]
[Site "Berlin"]
[Date "2012.08.21"]
[Round "4.83"]
[White "Kasper, Peter"]
[Black "Birkholz, Axel"]
[Result "0-1"]
[WhiteElo "1822"]
[BlackElo "1882"]
[PlyCount "40"]
[EventDate "2012.??.??"]
[WhiteTeam "SG Eckturm"]
[BlackTeam "SV Trossingen"]

1. e4 c5 2. Nf3 d6 3. d4 cxd4 4. c3 Nf6 5. Bd3 dxc3 6. Nxc3 Nc6 7. h3 g6 8. O-O
Bg7 9. Qe2 O-O 10. Rd1 Nd7 11. Nd5 Nde5 12. Bb1 Bd7 13. Nh2 Be6 14. Ne3 Qb6 15.
Kh1 Nd4 16. Qd2 Nc4 17. Nxc4 Bxc4 18. b3 Ne2 19. Bb2 Bxb2 20. Qxb2 Qxf2 0-1

[Event "11. Lichtenberger Sommer"]
[Site "Berlin"]
[Date "2012.08.21"]
[Round "4.84"]
[White "Heinrich, Wesko"]
[Black "Schubert, Joachim"]
[Result "0-1"]
[WhiteElo "1555"]
[BlackElo "1771"]
[PlyCount "64"]
[EventDate "2012.??.??"]
[WhiteTeam "SG Narva Berlin e.V."]
[BlackTeam "SC Friesen Lichtenberg e.V."]

1. e4 c5 2. Nf3 Nc6 3. Bb5 e6 4. Bxc6 dxc6 5. d3 Be7 6. Nc3 Nf6 7. Be3 b6 8. h3
Qc7 9. Ne2 e5 10. Qd2 Ba6 11. Ng3 Rd8 12. Qc3 Nd7 13. Nf5 Bf8 14. Qb3 h6 15. g4
g6 16. Ng3 Bc8 17. h4 Nf6 18. g5 Ng4 19. Bd2 Be6 20. Qc3 h5 21. Ne2 a5 22. Nh2
Nxh2 23. Rxh2 Ra8 24. f4 Bd6 25. Rf2 Bg4 26. f5 b5 27. fxg6 b4 28. gxf7+ Ke7
29. Qb3 a4 30. g6 axb3 31. g7 Be6 32. Bg5+ Kd7 0-1

[Event "11. Lichtenberger Sommer"]
[Site "Berlin"]
[Date "2012.08.21"]
[Round "4.85"]
[White "Baatz, Karl-Heinz"]
[Black "Remboldt, Viktor"]
[Result "1/2-1/2"]
[WhiteElo "1807"]
[BlackElo "1802"]
[PlyCount "60"]
[EventDate "2012.??.??"]
[WhiteTeam "SF Friedrichshagen"]
[BlackTeam "Bille SC von 1924 e.V."]

1. e4 c5 2. d4 cxd4 3. c3 dxc3 4. Nxc3 Nc6 5. Bc4 g6 6. Nf3 Bg7 7. O-O e6 8.
Qe2 Nge7 9. Rd1 a6 10. Bf4 e5 11. Bg5 O-O 12. Nd5 Kh8 13. Qd2 f6 14. Be3 Nxd5
15. Bxd5 Ne7 16. Be6 b5 17. Qd6 Nc6 18. Bxd7 Qxd7 19. Qxd7 Bxd7 20. Rxd7 Rfd8
21. Rc7 Nb4 22. Bd2 Nd3 23. b3 Bf8 24. Ba5 Bc5 25. Rxc5 Nxc5 26. Bxd8 Rxd8 27.
Re1 g5 28. h3 Kg7 29. Re2 Rd1+ 30. Kh2 Rd3 1/2-1/2

[Event "11. Lichtenberger Sommer"]
[Site "Berlin"]
[Date "2012.08.21"]
[Round "4.86"]
[White "Kollars, Michael"]
[Black "Schindler, Rudolf"]
[Result "1-0"]
[WhiteElo "1649"]
[BlackElo "1767"]
[PlyCount "95"]
[EventDate "2012.??.??"]
[WhiteTeam "Delmenhorster SK V 1931"]
[BlackTeam "SG Lasker Steglitz-Wilmersdorf"]

1. e4 d6 2. d4 Nf6 3. Nc3 e5 4. Nf3 Nbd7 5. Bc4 Be7 6. a4 O-O 7. O-O a5 8. h3
c6 9. Ba2 exd4 10. Nxd4 Nc5 11. Re1 Re8 12. Bf4 Bf8 13. Qf3 Ne6 14. Nxe6 Bxe6
15. Bxe6 Rxe6 16. Re2 Nd7 17. Rd1 Qb6 18. b3 Rae8 19. Be3 Qc7 20. Bf4 Ne5 21.
Bxe5 Rxe5 22. Kf1 Qb6 23. Qd3 Qd8 24. f4 Qf6 25. Qf3 R5e6 26. f5 Re5 27. g4 h6
28. Kg2 Rc5 29. Rd3 Rce5 30. Qf2 Qd8 31. Qf3 Be7 32. Nd1 Qc7 33. c4 Bf8 34. Nf2
Qe7 35. Rd1 d5 36. cxd5 cxd5 37. Rde1 Kh8 38. Kf1 Kh7 39. Kg2 f6 40. Kf1 g6 41.
fxg6+ Kg7 42. exd5 Qd8 43. Rxe5 Rxe5 44. Rxe5 Qc7 45. Re6 Qc1+ 46. Kg2 Qg5 47.
Ne4 Qxg6 48. Qxf6+ 1-0

[Event "11. Lichtenberger Sommer"]
[Site "Berlin"]
[Date "2012.08.21"]
[Round "4.87"]
[White "Schönberger, Kay"]
[Black "Theilig, Reinhard"]
[Result "1-0"]
[WhiteElo "1899"]
[BlackElo "1722"]
[PlyCount "73"]
[EventDate "2012.??.??"]
[WhiteTeam "SV Koblenz 03/25"]
[BlackTeam "VfB Hermsdorf e.V."]

1. e4 d6 2. d4 Nf6 3. f3 g6 4. Bd3 Bg7 5. Ne2 O-O 6. Be3 c5 7. c3 cxd4 8. cxd4
Nc6 9. Qd2 Bd7 10. Na3 a6 11. Rc1 Rc8 12. O-O Ne8 13. f4 e5 14. fxe5 dxe5 15.
d5 Nd4 16. Qb4 Nxe2+ 17. Bxe2 b5 18. Bc5 Qg5 19. Qe1 Bh6 20. Rc2 Rxc5 21. Rxc5
Qe3+ 22. Qf2 Qxe4 23. Bf3 Qd3 24. Nc2 e4 25. Rd1 e3 26. Qh4 Qxd1+ 27. Bxd1 Bg7
28. Nxe3 Bxb2 29. Kf2 Bf6 30. Qe4 Nd6 31. Qd3 Re8 32. Bf3 Kg7 33. Rc7 Re7 34.
Bg4 Ne4+ 35. Kf1 Bxg4 36. Rxe7 Bxe7 37. Qxe4 1-0

[Event "11. Lichtenberger Sommer"]
[Site "Berlin"]
[Date "2012.08.21"]
[Round "4.88"]
[White "Duric, Rajko"]
[Black "Bollenbach, Horst"]
[Result "1-0"]
[WhiteElo "1771"]
[BlackElo "1742"]
[PlyCount "85"]
[EventDate "2012.??.??"]
[WhiteTeam "SC Kreuzberg e.V."]
[BlackTeam "SC Friesen Lichtenberg e.V."]

1. e4 g6 2. Nf3 Bg7 3. d4 d6 4. Be2 Nh6 5. O-O O-O 6. h3 Nd7 7. Be3 b6 8. Qd2
Nf6 9. Bxh6 Nxe4 10. Qe3 Bb7 11. Bxg7 Kxg7 12. Ng5 Nf6 13. Bc4 d5 14. Bd3 Qd6
15. c3 Nd7 16. Nd2 f6 17. Ne6+ Kh8 18. Nxf8 Rxf8 19. Rfe1 e5 20. dxe5 fxe5 21.
Qg3 Qf6 22. Bb5 c6 23. Be2 e4 24. Nf1 Ne5 25. Ne3 h5 26. h4 c5 27. Rf1 d4 28.
cxd4 cxd4 29. Nc4 Nxc4 30. Bxc4 d3 31. Qg5 Qg7 32. Qd2 Kh7 33. Rac1 Qe7 34. Bb3
Qd6 35. Rcd1 Rf4 36. g3 Rf3 37. Rde1 Qd4 38. Re3 Qd7 39. Kg2 Qg4 40. Bd1 g5 41.
Rh1 Qf5 42. Bxf3 exf3+ 43. Kg1 1-0

[Event "11. Lichtenberger Sommer"]
[Site "Berlin"]
[Date "2012.08.21"]
[Round "4.89"]
[White "Korb, Viktor"]
[Black "Kohlmeyer, Dagobert"]
[Result "1/2-1/2"]
[WhiteElo "1629"]
[BlackElo "1895"]
[PlyCount "106"]
[EventDate "2012.??.??"]
[WhiteTeam "SF Siemensstadt"]
[BlackTeam "SC Rochade e.V."]

1. e4 e6 2. d4 d5 3. exd5 exd5 4. Bd3 Bd6 5. c3 Ne7 6. Bg5 h6 7. Be3 O-O 8. Qc2
Nd7 9. Nd2 Nf6 10. h3 c6 11. Ne2 Qc7 12. c4 dxc4 13. Nxc4 Bb4+ 14. Nc3 Ned5 15.
O-O-O b5 16. Nxd5 cxd5 17. Ne5 Qxc2+ 18. Kxc2 a6 19. Kb1 Bb7 20. Bd2 Bxd2 21.
Rxd2 Rfc8 22. Rc1 Rxc1+ 23. Kxc1 Rc8+ 24. Rc2 Rxc2+ 25. Kxc2 Kf8 26. Kb3 Ke7
27. a4 bxa4+ 28. Kxa4 Ne4 29. f3 Ng5 30. Ka5 Ne6 31. Bxa6 Bxa6 32. Kxa6 Nxd4
33. b4 f6 34. Nd3 Kd6 35. b5 Ne6 36. Ka7 d4 37. g3 g5 38. f4 Kd5 39. Kb6 Kc4
40. f5 Ng7 41. Kc6 Kxd3 42. b6 Kc2 43. b7 d3 44. b8=Q d2 45. Qa7 d1=Q 46. Qxg7
Qf3+ 47. Kb6 Qxf5 48. Qxh6 Kc3 49. Qf8 Qe6+ 50. Kc7 Qe5+ 51. Qd6 Kc4 52. h4
gxh4 53. gxh4 Qxd6+ 1/2-1/2

[Event "11. Lichtenberger Sommer"]
[Site "Berlin"]
[Date "2012.08.21"]
[Round "4.90"]
[White "Radjenovic, Branko"]
[Black "Köhler, Hans-Christian"]
[Result "1-0"]
[WhiteElo "1845"]
[BlackElo "1431"]
[PlyCount "107"]
[EventDate "2012.??.??"]
[WhiteTeam "SK Dragojle Babic"]
[BlackTeam "Schachgemeinschaft 2011 Sennewit"]

1. d4 d5 2. Nf3 Nf6 3. c4 e6 4. Nc3 Be7 5. Bg5 O-O 6. e3 h6 7. Bh4 b6 8. cxd5
Nxd5 9. Bxe7 Qxe7 10. Rc1 Nxc3 11. Rxc3 Ba6 12. Bd3 Bxd3 13. Qxd3 c5 14. dxc5
bxc5 15. Ne5 Qb7 16. O-O Na6 17. Rb3 Qc8 18. Rc1 Rd8 19. Qc4 Rd5 20. f4 Rb8 21.
Rxb8 Nxb8 22. Nf3 Qa6 23. Qb3 Nd7 24. Rd1 Qb6 25. Qc2 c4 26. Re1 Qc5 27. Kf2
Nb6 28. Ne5 f6 29. Nf3 Kf7 30. Nh4 f5 31. Nf3 Qb4 32. Re2 Nd7 33. Nd4 Nc5 34.
Nc6 Nd3+ 35. Kg3 Qc5 36. Nd4 g5 37. Nf3 gxf4+ 38. exf4 Qc7 39. Qd2 Nc5 40. Ne5+
Kg8 41. Qe3 Ne4+ 42. Kh3 Qg7 43. g3 Nf6 44. Nxc4 Qg4+ 45. Kg2 Ne4 46. Ne5 Qxe2+
47. Qxe2 Rd2 48. Qxd2 Nxd2 49. Nd3 Ne4 50. Kf3 Kf7 51. Ke3 Nf6 52. Ne5+ Ke8 53.
Kd4 Nd5 54. Kc5 1-0

[Event "11. Lichtenberger Sommer"]
[Site "Berlin"]
[Date "2012.08.21"]
[Round "4.91"]
[White "Schreiber, Ben-Luca"]
[Black "Lohse, Steffen"]
[Result "0-1"]
[WhiteElo "1677"]
[BlackElo "1928"]
[PlyCount "74"]
[EventDate "2012.??.??"]
[WhiteTeam "SG Lasker Steglitz-Wilmersdorf"]
[BlackTeam "SV Osram e.V."]

1. d4 e6 2. c4 Bb4+ 3. Bd2 Bxd2+ 4. Nxd2 f5 5. Ngf3 Nf6 6. e3 b6 7. Bd3 Bb7 8.
O-O O-O 9. Re1 Ne4 10. Rc1 Qf6 11. Qc2 Nxd2 12. Nxd2 Nc6 13. a3 Qg6 14. d5 Ne5
15. f4 Nxd3 16. Qxd3 Rae8 17. g3 e5 18. Nb3 h5 19. Qf1 h4 20. Qh3 hxg3 21. Qxg3
Qd6 22. Kf1 Rf6 23. Rc2 Rg6 24. Qh3 Rg4 25. Rg2 Rxg2 26. Kxg2 exf4 27. Qxf5
fxe3 28. Qd3 Qf4 29. Qe2 Re5 30. Rf1 Qe4+ 31. Kh3 Ba6 32. Rc1 Rxd5 33. Rc3 Qh7+
34. Kg2 Rg5+ 35. Kf1 Qh3+ 36. Ke1 Rg1+ 37. Qf1 Qxf1# 0-1

[Event "11. Lichtenberger Sommer"]
[Site "Berlin"]
[Date "2012.08.21"]
[Round "4.92"]
[White "Vural, Argun"]
[Black "Casny, Guenter"]
[Result "0-1"]
[WhiteElo "1232"]
[BlackElo "1860"]
[PlyCount "96"]
[EventDate "2012.??.??"]
[WhiteTeam "SV Empor Berlin e.V."]
[BlackTeam "SC Rochade e.V."]

1. e4 c6 2. d4 d5 3. Nc3 dxe4 4. Nxe4 Nd7 5. Be3 Ngf6 6. Bd3 Nxe4 7. Bxe4 Nf6
8. Bf3 e6 9. g4 Nd5 10. h4 Nxe3 11. fxe3 Bd6 12. Ne2 Qc7 13. Rg1 b6 14. Qd2 a5
15. O-O-O Ba6 16. Qc3 Rc8 17. a3 b5 18. Qd3 Qb6 19. Qd2 b4 20. axb4 axb4 21. b3
Be7 22. h5 Qa5 23. Kb1 Bb5 24. c3 Bxe2 25. cxb4 Qa3 26. Qxe2 Qxb3+ 27. Qb2 Qxe3
28. Rg3 Qf4 29. Rd3 O-O 30. Bd1 Rb8 31. Rdf3 Qd6 32. Rb3 Rb6 33. h6 gxh6 34. g5
Bxg5 35. Qg2 f6 36. Qh2 Qxd4 37. Bc2 Ra8 38. Rxg5+ fxg5 39. Bxh7+ Kxh7 40. Qc2+
Kg7 41. Qc3 Qxc3 42. Rxc3 Rxb4+ 43. Kc2 Raa4 44. Rxc6 Rc4+ 45. Rxc4 Rxc4+ 46.
Kd3 Rc5 47. Ke4 Rf5 48. Ke3 g4 0-1

[Event "11. Lichtenberger Sommer"]
[Site "Berlin"]
[Date "2012.08.21"]
[Round "4.93"]
[White "Prix, Siegfried"]
[Black "Tschirschwitz, Stephan"]
[Result "1-0"]
[WhiteElo "1800"]
[BlackElo "1557"]
[PlyCount "101"]
[EventDate "2012.??.??"]
[WhiteTeam "Sfrd. Berlin 1903 e.V."]
[BlackTeam "SG Lasker Steglitz-Wilmersdorf"]

1. e4 c5 2. c4 Nc6 3. Nf3 d6 4. d4 cxd4 5. Nxd4 e6 6. Nc3 Be7 7. Be3 a6 8. Be2
Nf6 9. O-O O-O 10. f4 Qc7 11. Rc1 Bd7 12. b3 Rab8 13. Bf3 Nxd4 14. Bxd4 Bc6 15.
Nd5 exd5 16. cxd5 Qd7 17. dxc6 bxc6 18. e5 Nd5 19. Bg4 Qb7 20. Bf3 Qd7 21. Qe2
Nxf4 22. Qxa6 Ra8 23. Qxc6 Qxc6 24. Rxc6 dxe5 25. Bxe5 Nd3 26. Bd4 Rxa2 27. Be4
Nb4 28. Rc7 Bd6 29. Rd7 Ra6 30. Bb7 Ra3 31. Rxd6 Rxb3 32. Rb6 Rd3 33. Rxb4 Rd8
34. Bb6 Rb8 35. Bc7 Rf8 36. Ba6 Ra3 37. Bc4 Ra7 38. Bb6 Rd7 39. Bc5 Rc8 40. Bb5
Rdc7 41. Bd6 Rc2 42. Rbf4 f6 43. Bd7 Rd8 44. Be6+ Kh8 45. Rd4 Re8 46. Bf5 Rce2
47. Rh4 h6 48. Bg6 Ra8 49. Rb4 Re6 50. Bb8 Kg8 51. Rc1 1-0

[Event "11. Lichtenberger Sommer"]
[Site "Berlin"]
[Date "2012.08.21"]
[Round "4.94"]
[White "Schrodt, Horst"]
[Black "Meinicke, Kurt"]
[Result "1-0"]
[WhiteElo "1730"]
[BlackElo "1547"]
[PlyCount "41"]
[EventDate "2012.??.??"]
[WhiteTeam "SC Eintracht Berlin e.V."]
[BlackTeam "BSG 1827 Eckbauer e.V."]

1. d4 Nf6 2. c4 e6 3. Nc3 Bb4 4. Bd2 O-O 5. Nf3 Nc6 6. e3 d5 7. Rc1 a6 8. cxd5
exd5 9. Be2 Re8 10. O-O b5 11. Nxb5 Bb7 12. Bxb4 Nxb4 13. Nxc7 Nxa2 14. Nxe8
Nxc1 15. Nxf6+ gxf6 16. Qxc1 Qd7 17. Qb1 Qg4 18. Qd3 Qg7 19. Rc1 a5 20. Qf5 Bc8
21. Rxc8+ 1-0

[Event "11. Lichtenberger Sommer"]
[Site "Berlin"]
[Date "2012.08.21"]
[Round "4.95"]
[White "Lippianowski, Stefan"]
[Black "Müller, Johannes"]
[Result "0-1"]
[WhiteElo "1259"]
[BlackElo "1896"]
[PlyCount "26"]
[EventDate "2012.??.??"]
[WhiteTeam "Treptower SV 1949 e.V."]
[BlackTeam "SC Eintracht Berlin e.V."]

1. e4 c6 2. Bc4 d5 3. exd5 cxd5 4. Bb5+ Nc6 5. Qf3 Nf6 6. c4 Bg4 7. Qf4 e6 8.
cxd5 Qxd5 9. Nc3 Qxg2 10. h3 Qxh1 11. Qg3 Bf5 12. Be2 Bd6 13. f4 Bxf4 0-1

[Event "11. Lichtenberger Sommer"]
[Site "Berlin"]
[Date "2012.08.21"]
[Round "4.96"]
[White "Grozea, Filip"]
[Black "Rauscher, Joachim"]
[Result "0-1"]
[WhiteElo "822"]
[BlackElo "1866"]
[PlyCount "84"]
[EventDate "2012.??.??"]
[WhiteTeam "TSG Oberschöneweide e.V."]
[BlackTeam "SC Brett vor'm Kopp Ffm"]

1. e4 c5 2. Nc3 d6 3. Nf3 Nf6 4. Bc4 Nc6 5. Ng5 e6 6. O-O Be7 7. d3 O-O 8. Bf4
h6 9. Nf3 e5 10. Bg3 Bg4 11. Qe2 Nd4 12. Qe3 Nxc2 13. Qc1 Nxa1 14. Qxa1 Bxf3
15. gxf3 a6 16. Nd5 b5 17. Nxe7+ Qxe7 18. Bd5 Nxd5 19. exd5 f5 20. f4 Rf6 21.
Qe1 Re8 22. Qe3 Rg6 23. Kg2 Qb7 24. Qf3 exf4 25. Qxf4 Qxd5+ 26. Qf3 Qxf3+ 27.
Kxf3 Rge6 28. h4 d5 29. Rc1 c4 30. dxc4 dxc4 31. b3 Rc8 32. Kf4 g6 33. Kf3 c3
34. Kf4 c2 35. Kf3 g5 36. hxg5 hxg5 37. a3 Rc3+ 38. Kg2 f4 39. Bh2 Kf7 40. f3
Rd6 41. Kf2 Rd1 42. Rxc2 Rxc2# 0-1

[Event "11. Lichtenberger Sommer"]
[Site "Berlin"]
[Date "2012.08.21"]
[Round "4.97"]
[White "Engers, Felix"]
[Black "Güldenpfennig, Gavin"]
[Result "1-0"]
[WhiteElo "1767"]
[BlackElo "1544"]
[PlyCount "93"]
[EventDate "2012.??.??"]
[WhiteTeam "SC Zitadelle Spandau 1977 e.V."]
[BlackTeam "BSC Rehberge 1945 e.V."]

1. e4 e5 2. Nf3 Nc6 3. d4 exd4 4. Bc4 Be7 5. Nxd4 d6 6. Nc3 Ne5 7. Be2 Nf6 8.
O-O O-O 9. h3 c5 10. Nf3 Ng6 11. Bc4 Be6 12. Qe2 Nh5 13. Nd5 Bh4 14. Be3 f5 15.
Nc7 Bxc4 16. Qxc4+ d5 17. Qxd5+ Qxd5 18. exd5 Rac8 19. Ne6 Rfe8 20. Nxh4 Nxh4
21. Bg5 Ng6 22. Rfe1 h6 23. Bd2 Nf6 24. c4 Ne4 25. Be3 b6 26. f3 Nd6 27. b3 Nf8
28. Bf4 Nb7 29. Nxf8 Kxf8 30. Kf2 g5 31. Bd2 f4 32. Rxe8+ Rxe8 33. Re1 Rxe1 34.
Bxe1 Ke7 35. Bc3 Nd6 36. Be5 a6 37. Bxd6+ Kxd6 38. h4 gxh4 39. Kg1 h3 40. Kh2
hxg2 41. Kxg2 Ke5 42. Kh3 b5 43. Kh4 bxc4 44. bxc4 Kf6 45. Kh5 Kg7 46. a3 a5
47. d6 1-0

[Event "11. Lichtenberger Sommer"]
[Site "Berlin"]
[Date "2012.08.21"]
[Round "4.99"]
[White "Zelanti, Markus"]
[Black "Kranch, Klaus"]
[Result "1-0"]
[WhiteElo "1487"]
[BlackElo "1770"]
[PlyCount "141"]
[EventDate "2012.??.??"]
[WhiteTeam "Queer-Springer SSV Berlin"]
[BlackTeam "SC Rochade e.V."]

1. b4 e5 2. Bb2 Bxb4 3. Bxe5 Nf6 4. c4 Nc6 5. Bb2 d6 6. Nf3 O-O 7. e3 Bg4 8.
Be2 Re8 9. O-O Qe7 10. Nc3 Rad8 11. Re1 Ba5 12. a3 Ne5 13. Nxe5 Bxe2 14. Qxe2
dxe5 15. e4 c6 16. a4 Bb4 17. Red1 Bc5 18. Rab1 Rd7 19. a5 Red8 20. Na4 Bd4 21.
Bxd4 Rxd4 22. d3 R8d7 23. Nb2 g6 24. f3 Nh5 25. g3 Qc5 26. Kg2 Qxa5 27. Ra1 Qc5
28. Na4 Qd6 29. Nb2 b6 30. Ra4 a5 31. Rc1 Qc7 32. Qd2 Ng7 33. h4 Ne6 34. h5 Nc5
35. Ra3 Qd6 36. hxg6 fxg6 37. Rcc3 Kg7 38. Kf2 Qf6 39. Kg2 Rf7 40. Qe3 g5 41.
Ra1 h6 42. Rf1 Qd8 43. Rf2 Rd6 44. f4 Rdf6 45. f5 Rd7 46. Kf3 Ne6 47. Kg2 Nd4
48. Na4 Rb7 49. Rb2 b5 50. Nc5 Rb6 51. cxb5 cxb5 52. Qc1 Kf7 53. Qd1 Rfc6 54.
Qa1 a4 55. Ne6 Nxe6 56. Rxc6 Nf4+ 57. gxf4 Rxc6 58. Qa2+ Kf8 59. Qa3+ Kf7 60.
fxe5 Qc7 61. Rxb5 Rc2+ 62. Kg3 Rc3 63. Qa2+ Kf8 64. Qb1 Rb3 65. Rxb3 axb3 66.
Qxb3 Qxe5+ 67. Kg4 Qe7 68. Qb8+ Kf7 69. Qb3+ Kf6 70. Qb6+ Kf7 71. Qg6+ 1-0

[Event "11. Lichtenberger Sommer"]
[Site "Berlin"]
[Date "2012.08.21"]
[Round "4.100"]
[White "Acikel, Mert"]
[Black "Schröder, Gert"]
[Result "1-0"]
[WhiteElo "1791"]
[BlackElo "1391"]
[PlyCount "120"]
[EventDate "2012.??.??"]
[WhiteTeam "VfB Hermsdorf e.V."]
[BlackTeam "SV Königsjäger Süd-West e.V."]

1. e4 c5 2. Nf3 Nc6 3. d4 cxd4 4. Nxd4 Qb6 5. Nb3 d6 6. Nc3 e6 7. Be3 Qd8 8.
Be2 g6 9. O-O Bg7 10. Nb5 d5 11. exd5 exd5 12. N5d4 Nge7 13. c3 O-O 14. Bf3 Ne5
15. Bf4 Nf5 16. Nxf5 Nxf3+ 17. Qxf3 Bxf5 18. Nd4 Be4 19. Qe3 Re8 20. Qd2 Be5
21. Bxe5 Rxe5 22. Rfe1 Rg5 23. f3 Bf5 24. Re2 Bd7 25. Rae1 Qf6 26. Kh1 Kf8 27.
Re7 Re8 28. Rxd7 Rxe1+ 29. Qxe1 Re5 30. Qf2 Qf4 31. g3 Qc1+ 32. Kg2 Re1 33.
Rxd5 Re8 34. Rd7 Rb8 35. Qc2 Qe3 36. Qe2 Qg5 37. h4 Qf6 38. Qe4 Re8 39. Qd5 Re5
40. Qd6+ Qxd6 41. Rxd6 Ke7 42. Ra6 bxa6 43. Nc6+ Kd6 44. Nxe5 Kxe5 45. Kf2 f5
46. Ke3 Kd5 47. Kd3 a5 48. b3 Kc5 49. a3 a6 50. c4 h6 51. f4 h5 52. Kc3 Kd6 53.
Kd4 Kc6 54. c5 a4 55. bxa4 a5 56. Kc4 Kc7 57. Kd5 Kd7 58. c6+ Kc7 59. Kc5 Kd8
60. Kd6 Kc8 1-0

[Event "11. Lichtenberger Sommer"]
[Site "Berlin"]
[Date "2012.08.21"]
[Round "4.102"]
[White "Jachym, Christoph"]
[Black "Laurin, Dirk"]
[Result "0-1"]
[WhiteElo "1629"]
[BlackElo "1665"]
[PlyCount "134"]
[EventDate "2012.??.??"]
[WhiteTeam "SC Zugzwang 95 e.V."]
[BlackTeam "SG Narva Berlin e.V."]

1. e4 Nf6 2. e5 Ne4 3. d3 Nc5 4. Be3 e6 5. Nc3 d5 6. d4 Ncd7 7. a3 c5 8. Nf3
cxd4 9. Bxd4 Nc6 10. Bb5 Nxd4 11. Qxd4 a6 12. Bxd7+ Bxd7 13. O-O Rc8 14. Qg4
Rc4 15. Qg3 h5 16. h4 Rg4 17. Qh3 Be7 18. g3 Bc6 19. Nh2 Rg6 20. Ne2 Rgh6 21.
Nd4 g5 22. Nxc6 bxc6 23. hxg5 Bxg5 24. f4 Be7 25. b4 Rg8 26. Rf3 Kd7 27. c4 Kc7
28. Qf1 Rhg6 29. Qf2 Kb8 30. b5 axb5 31. cxb5 c5 32. a4 c4 33. a5 Qc8 34. a6
Ka8 35. Kg2 Bc5 36. b6 Qc6 37. b7+ Ka7 38. Qb2 c3 39. Qb3 d4 40. Kh3 Qe4 41.
b8=Q+ Rxb8 42. Qa4 Qf5+ 43. Kg2 Rb2+ 44. Kh1 Qe4 45. Qd7+ Ka8 46. Qc8+ Rb8 47.
Qxc5 Rxg3 48. a7 Rb1+ 49. Rxb1 Qxb1+ 50. Rf1 Qe4+ 51. Rf3 Rxf3 52. Qc8+ Kxa7
53. Qc7+ Ka6 54. Qc4+ Kb6 55. Qb4+ Ka6 56. Qa4+ Kb6 57. Qb4+ Kc7 58. Qe7+ Kb6
59. Qd6+ Kb5 60. Qb8+ Ka4 61. Qa7+ Kb4 62. Qb6+ Ka3 63. Qc5+ Kb2 64. Qb4+ Kc1
65. Qa3+ Kd2 66. Qa2+ c2 67. Qa5+ Rc3+ 0-1

[Event "11. Lichtenberger Sommer"]
[Site "Berlin"]
[Date "2012.08.21"]
[Round "4.103"]
[White "Toth, Hans-Jürgen"]
[Black "Ziems, Michael"]
[Result "0-1"]
[WhiteElo "1638"]
[BlackElo "1836"]
[PlyCount "54"]
[EventDate "2012.??.??"]
[WhiteTeam "Schachfreunde Zehdenick 76 e.V."]
[BlackTeam "SV Empor Berlin e.V."]

1. f4 d5 2. Nf3 c5 3. e3 Nf6 4. b3 e6 5. Bb2 Be7 6. c4 O-O 7. cxd5 Nxd5 8. Bc4
Nf6 9. O-O a6 10. Qc2 Nc6 11. a3 b5 12. Bd3 h6 13. Nc3 Nd5 14. Ne4 Na5 15. Nxc5
Bxc5 16. b4 Ba7 17. bxa5 Nxf4 18. Bh7+ Kh8 19. Qe4 Nd5 20. Ne5 f5 21. Ng6+ Kxh7
22. Nxf8+ Qxf8 23. Qd3 Qd6 24. Rf3 Bd7 25. Raf1 Rg8 26. Rh3 b4 27. Rf4 Qxf4 0-1

[Event "11. Lichtenberger Sommer"]
[Site "Berlin"]
[Date "2012.08.21"]
[Round "4.105"]
[White "Fontaine, Constantin"]
[Black "Möller, Dirk"]
[Result "1-0"]
[WhiteElo "1343"]
[BlackElo "1686"]
[PlyCount "97"]
[EventDate "2012.??.??"]
[WhiteTeam "SK Tempelhof 1931 e.V."]
[BlackTeam "SC Kreuzberg e.V."]

1. g3 e5 2. Bg2 d5 3. d3 Nc6 4. Nc3 Be6 5. e4 Nf6 6. Bg5 d4 7. Nce2 Bb4+ 8. c3
dxc3 9. Nxc3 Qd4 10. Nge2 Qb6 11. O-O h6 12. Be3 Nd4 13. Nxd4 exd4 14. Na4 Qd6
15. Bf4 Qd7 16. e5 Nd5 17. Rc1 Nxf4 18. Bxb7 Nh3+ 19. Kg2 Bd5+ 20. Bxd5 Qxd5+
21. Kxh3 Qxe5 22. Nc3 O-O 23. Ne4 Qf5+ 24. Kg2 Ba5 25. Rc5 Qd7 26. Rxa5 Qc6 27.
Rc5 Qb7 28. Qb3 Qc8 29. Rfc1 Qg4 30. f3 Qg6 31. Rxc7 Rab8 32. Qc2 f5 33. Qc4+
Kh7 34. Rc6 Rxb2+ 35. Rc2 Rxc2+ 36. Qxc2 Qe8 37. Nf2 f4 38. g4 Qd8 39. Qc5 Rf7
40. Ne4 Qh4 41. Qxd4 Rb7 42. Nd6 Qe1 43. Qe4+ Qxe4 44. fxe4 Rb2+ 45. Kf3 g5 46.
e5 Rxa2 47. e6 Rxh2 48. e7 Rh3+ 49. Kf2 1-0